000 00831nam a2200181Ia 4500
008 100122s9999 xx 000 0 und d
082 _b68462
_a823
100 _aरोलिंग जे के
245 _aहॅरी पॉटर आणि परीस अनु- बाळ उर्ध्वरेषे ( क.क्र.1/1 )
260 _bमंजुल प्रकाशन
_c2004
300 _a290
520 _aभाग 1 ला
620 _aभाग 1 ला
630 _aहॅरी पॉटर आणि परीस अनु- बाळ उर्ध्वरेषे ( क.क्र.1/1 )
700 _aउर्ध्वरेषे बाळ
730 _aहॅरी पॉटर आणि परीस अनु- बाळ उर्ध्वरेषे ( क.क्र.1/1 )
942 _cBOOK
999 _c440098
_d440095